000 00792nam a2200325Ia 4500
008 210210b2010 xxu||||| |||| 00| 0 eng d
020 _a9788183873543
041 _aeng
082 _a324.22 KUMW
100 _aKUMARI (Archana)
245 _aWomen political leadership in India: some important dimensions
260 _aNew Delhi
_bSerials Publications
_c2010
300 _axx,427
650 _aWomen
650 _asome
650 _aSHG
650 _apolitical
650 _aleadership
650 _aIndia:
650 _ain
650 _aimportant
650 _aGender Justice
650 _aGender Equity
650 _aEmpowerment
650 _adimensions
650 _a73rd Amendment
690 _aPolitical Process
700 _aVERMA (R K)
906 _a064909
999 _c141749
_d141749